Correspondance (Record no. 148577)
[ view plain ]
| 000 -LEADER | |
|---|---|
| campo de control de longitud fija | 00868nam a2200217 4500 |
| 001 - NÚMERO DE CONTROL | |
| campo de control | 148577 |
| 003 - IDENTIFICADOR DE NÚMERO DE CONTROL | |
| campo de control | ES-MaACL |
| 005 - FECHA Y HORA DE LA ÚLTIMA TRANSACCIÓN | |
| campo de control | 20250918195221.0 |
| 007 - CAMPO FIJO DE DESCRIPCIÓN FÍSICA--INFORMACIÓN GENERAL | |
| campo de control de longitud fija | t| |
| 008 - DATOS DE LONGITUD FIJA--INFORMACIÓN GENERAL | |
| campo de control de longitud fija | 070214s1908 fr r ||||1| fre d |
| 100 0# - ENTRADA PRINCIPAL--NOMBRE DE PERSONA | |
| Nombre de persona | Stendhal, |
| Fechas asociadas al nombre | 1783-1842 |
| 9 (RLIN) | 108086 |
| 245 10 - MENCIÓN DEL TÍTULO | |
| Título | Correspondance |
| Resto del título | : (1800-1842) / |
| Mención de responsabilidad, etc. | Stendhal ; publié par Adolphe Paupe, P. A. Cheramy ; preface Maurice Barrès. |
| 260 ## - PUBLICACIÓN, DISTRIBUCIÓN, ETC. | |
| Lugar de publicación, distribución, etc. | Paris : |
| Nombre del editor, distribuidor, etc. | Cahrles Bosse, |
| Fecha de publicación, distribución, etc. | 1908. |
| 300 ## - DESCRIPCIÓN FÍSICA | |
| Extensión | 3 v. ; |
| Dimensiones | 25 cm. |
| 505 8# - NOTA DE CONTENIDO CON FORMATO | |
| Nota de contenido con formato | Contiene: Vol. i. Années d'apprentinage (1800-1806) ; Vie active (1806-1814). Vol. II. L'homme du monde et le dilettante (1815-1830). Vol. III. Le fonctionnaire et le romancier (1830-1842) |
| 700 1# - ENTRADA AGREGADA--NOMBRE PERSONAL | |
| Nombre de persona | Paupe, Adolphe. |
| 9 (RLIN) | 89666 |
| 700 1# - ENTRADA AGREGADA--NOMBRE PERSONAL | |
| Nombre de persona | Cheramy, P. A. |
| 9 (RLIN) | 38352 |
| 700 1# - ENTRADA AGREGADA--NOMBRE PERSONAL | |
| Nombre de persona | Barrès, Maurice, |
| Fechas asociadas al nombre | 1862-1923 |
| 9 (RLIN) | 25947 |
| 852 ## - LOCALIZACIÓN | |
| Ubicación | ES-MaACL |
| Número de control de estantería | F-8238-40 |
| Estatus retirado | Estado de pérdida | Estado de daño | No para préstamo | Biblioteca de origen | Biblioteca actual | Ubicación en estantería | Fecha de adquisición | Fuente de adquisición | Total de préstamos | Signatura topográfica completa | Código de barras | Visto por última vez | Precio de reemplazo | Tipo de ítem Koha |
|---|---|---|---|---|---|---|---|---|---|---|---|---|---|---|
| Biblioteca del Ateneo de Madrid | Biblioteca del Ateneo de Madrid | Sala Pecera Planta 2 | 17/01/2008 | F-8238-40 | 1155050 | 23/02/2023 | 23/02/2023 | Libro impreso |
